| 000 | 00617nam a2200241Ia 4500 | ||
|---|---|---|---|
| 003 | OSt | ||
| 005 | 20221005124431.0 | ||
| 006 | a|||||r|||| 00| 0 | ||
| 007 | ta | ||
| 008 | 221004b |||||||| |||| 00| 0 kan d | ||
| 024 | _a59819 | ||
| 037 | _cTextual | ||
| 040 |
_aCRL _cCRL _bkan |
||
| 041 |
_2kan _akan |
||
| 082 | _aO33,1M96,22, J5 | ||
| 100 |
_aAmbikatanaya Au. _9635232 |
||
| 245 | 0 | _aMurti mattu kama kasturi | |
| 260 | _c1956 | ||
| 650 | _a KANNAD POETRY | ||
| 650 | _aKANNAD LITERATURE | ||
| 942 |
_hO33,1M96,22, J5 _cTEXL _2cc |
||
| 999 |
_c1050471 _d1050471 |
||